000 00630nam a2200205 i 4500
001 41275
003 ES-MaACL
005 20230906160414.0
007 t|
008 030310s1964 sp ||||1| spa d
100 1 _aCarvalho, Manuel Joaquín de.
_935962
245 1 0 _aEn busca del ser /
_cManuel Joaquín de Carvalho.
260 _aMadrid :
_bEditora Nacional,
_c1964.
300 _a706 p. ;
_c25 cm.
490 1 _aMundo científico. Serie filosófica
830 0 _aMundo científico. Serie filosófica
_9229779
852 _aES-MaACL
_jC-25591
_bR.54335
852 _aES-MaACL
_jC-56466
_bR.89269
999 _c41275
_d41275